000 00822nas a2200253 4500
001 BR8701693
003 BR-BrBNA
005 20231205090616.0
007 ta
008 230509b bl.|||p| |||| 00| 00por d
040 _aBR-BrBNA
_bpor
_cBiblioteca Nacional de Agricultura
041 _a(Pt)
072 _aK10; U10
100 1 _aPinheiro, G. de S.
100 1 _aVeiga, R.A. de A.
100 1 _aBuzatto, O.
245 1 _aComparacao de modelos de equacoes de volume para especies do genero Pinus na Estacao Experimental de Moji Guacu, Sao Paulo
650 _aPINHEIRO
650 _aVOLUME
650 _aPRODUCAO FLORESTAL
773 0 _tBoletim Tecnico - Instituto Florestal (Brazil)
_xISSN 0100-3151
_g(May 1984), v. 38(1) p. 83-94
_wBR8701693
909 _a202311
_bLúcia
_c55
_dLúcia Elande
942 _2AGRIS
_n0
_cANA
999 _c119721
_d119721